Central Library || Chittagong University

Commitment to welfare.// (Record no. 112435)

MARC details
000 -LEADER
fixed length control field 00447nam a22001697a 4500
003 - CONTROL NUMBER IDENTIFIER
control field BD-ChCU
005 - DATE AND TIME OF LATEST TRANSACTION
control field 20260426123923.0
008 - FIXED-LENGTH DATA ELEMENTS--GENERAL INFORMATION
fixed length control field 260426b bg ||||| |||| 00| 0 ben d
040 ## - CATALOGING SOURCE
Transcribing agency BD-ChCU
082 ## - DEWEY DECIMAL CLASSIFICATION NUMBER
Classification number 360 TIC
100 ## - MAIN ENTRY--PERSONAL NAME
Personal name Titmuss, Richard M.
9 (RLIN) 21926
245 ## - TITLE STATEMENT
Title Commitment to welfare.//
Statement of responsibility, etc. M. Titmuss, Richard.
260 ## - PUBLICATION, DISTRIBUTION, ETC.
Place of publication, distribution, etc. London.
Name of publisher, distributor, etc. Allen & Unwin,
Date of publication, distribution, etc. 1968
300 ## - PHYSICAL DESCRIPTION
Extent 272p
650 #0 - SUBJECT ADDED ENTRY--TOPICAL TERM
Topical term or geographic name entry element Social Welfare.
9 (RLIN) 21927
942 ## - ADDED ENTRY ELEMENTS (KOHA)
Source of classification or shelving scheme Dewey Decimal Classification
Koha item type Books
Suppress in OPAC No
Holdings
Withdrawn status Lost status Source of classification or shelving scheme Damaged status Not for loan Home library Current library Shelving location Date acquired Source of acquisition Total Checkouts Full call number Barcode Date last seen Copy number Price effective from Koha item type
    Dewey Decimal Classification     Chittagong University Library Chittagong University Library Business and Social Science Reading Room 04/26/2026 Purchase   360 TIC 34589 04/26/2026 C-1 04/26/2026 Books
    Dewey Decimal Classification     Chittagong University Library Chittagong University Library Business and Social Science Reading Room 04/26/2026 Purchase   360 TIC 34590 04/26/2026 C-2 04/26/2026 Books
    Dewey Decimal Classification     Chittagong University Library Chittagong University Library Business and Social Science Reading Room 04/26/2026 Purchase   360 TIC 48059 04/26/2026 C-3 04/26/2026 Books
    Dewey Decimal Classification     Chittagong University Library Chittagong University Library Business and Social Science Reading Room 04/26/2026 Purchase   360 TIC 48060 04/26/2026 C-4 04/26/2026 Books
    Dewey Decimal Classification     Chittagong University Library Chittagong University Library Business and Social Science Reading Room 04/26/2026 Purchase   360 TIC 48061 04/26/2026 C-5 04/26/2026 Books
    Dewey Decimal Classification     Chittagong University Library Chittagong University Library Business and Social Science Reading Room 04/26/2026 Purchase   360 TIC 48622 04/26/2026 C-6 04/26/2026 Books
    Dewey Decimal Classification     Chittagong University Library Chittagong University Library Business and Social Science Reading Room 04/26/2026 Purchase   360 TIC 48623 04/26/2026 C-7 04/26/2026 Books
    Dewey Decimal Classification     Chittagong University Library Chittagong University Library Business and Social Science Reading Room 04/26/2026 Purchase   360 TIC 48624 04/26/2026 C-8 04/26/2026 Books
© Copyright 2026. Chittagong University Library, Installation and Maintenance by Prof. Dr. Md. Alamgir, 01711306253